00456nam a2200145Ia 4500008004100000020001800041041000800059082001600067100003300083245012200116250000600238260003200244300001100276650002300287210716s2013 xx 000 0 und d a9780749467654 aeng a374.22 BEAC aBeard, Colin;Wilson, John P. aExperiential learning: a handbook for education training and coaching.bHandbook for education training and coaching. a3 aNew DelhibKogan Pagec2013 aix,331 aGeneral Management